000 01054nam a22003257a 4500
001 BR8106590
003 BR-BrBNA
005 20230928091057.0
007 ta
008 230509b bl.||||| |||| 00| 0 por d
040 _aBR-BrBNA
_bpor
_cBiblioteca Nacional de Agricultura
041 _a(Por)
072 _aF00; F60
_b0290
_b/G514
090 _ 0290 BR8106590
100 1 _aAngelucci, E. (ed.)
110 1 _aInstituto de Tecnologia de Alimentos, Campinas, SP (Brasil);
110 1 _aSociedade Brasileira de Ciencia e Tecnologia de Alimentos, Campinas, SP
111 1 _a1. Seminario Brasileiro sobre Stevia Rebaudiana Bertoni
_cCampinas, SP (Brazil)
_d26 Jun 1981
245 1 _a1. Seminario brasileiro sobre Stevia rebaudiana bertoni [inducao, floracao, germinacao]
260 3 _aCampinas, SP (Brasil):
_c1981.
300 _a20 p.
500 _aSummary only
650 _aSTEVIA
650 _aINDUCAO
650 _aFOTOPERIODISMO
650 _aFLORACAO
650 _aGERMINACAO
909 _a202309
_bLucia
_c55
_dLucia Elande
942 _cBK
999 _c32103
_d32103